<?xml version="1.0" encoding="UTF-8"?>
<record
    xmlns:xsi="http://www.w3.org/2001/XMLSchema-instance"
    xsi:schemaLocation="http://www.loc.gov/MARC21/slim http://www.loc.gov/standards/marcxml/schema/MARC21slim.xsd"
    xmlns="http://www.loc.gov/MARC21/slim">

  <leader>01065nam a22002057a 4500</leader>
  <controlfield tag="003">OSt</controlfield>
  <controlfield tag="005">20250929133646.0</controlfield>
  <controlfield tag="008">250911b        |||||||| |||| 00| 0 eng d</controlfield>
  <datafield tag="040" ind1=" " ind2=" ">
    <subfield code="c">DCL</subfield>
  </datafield>
  <datafield tag="082" ind1=" " ind2=" ">
    <subfield code="a">&#x1042;&#x1049;&#x1044;.&#x1043;&#x1040;&#x1043;</subfield>
  </datafield>
  <datafield tag="100" ind1="0" ind2=" ">
    <subfield code="a">&#x1009;&#x102C;&#x100F;&#x101D;&#x101B;&#x104A; </subfield>
    <subfield code="c">&#x1026;&#x1038;&#x104A; &#x1012;&#x1031;&#x102B;&#x1000;&#x103A;&#x1010;&#x102C;-</subfield>
  </datafield>
  <datafield tag="245" ind1="1" ind2="0">
    <subfield code="a">&#x1017;&#x102F;&#x1012;&#x1039;&#x1013;&#x1018;&#x102C;&#x101E;&#x102C;&#x101D;&#x1031;&#x102B;&#x101F;&#x102C;&#x101B; &#x1019;&#x103C;&#x1014;&#x103A;&#x1019;&#x102C;-&#x1021;&#x1004;&#x103A;&#x1039;&#x1002;&#x101C;&#x102D;&#x1015;&#x103A; &#x1005;&#x103D;&#x101A;&#x103A;&#x1005;&#x102F;&#x1036;&#x1021;&#x1018;&#x102D;&#x1013;&#x102C;&#x1014;&#x103A;=Myanmar- English Encyclopedic Dictionary of Buddhist Terms / </subfield>
    <subfield code="c">&#x1026;&#x1038;&#x1009;&#x102C;&#x100F;&#x101D;&#x101B;&#x104B;</subfield>
  </datafield>
  <datafield tag="250" ind1=" " ind2=" ">
    <subfield code="a">&#x1010;&#x1010;&#x102D;&#x101A;&#x1021;&#x1000;&#x103C;&#x102D;&#x1019;&#x103A;&#x104B;</subfield>
  </datafield>
  <datafield tag="260" ind1=" " ind2=" ">
    <subfield code="a">&#x101B;&#x1014;&#x103A;&#x1000;&#x102F;&#x1014;&#x103A; &#x104A;</subfield>
    <subfield code="b">&#x101E;&#x1004;&#x103A;&#x1038;&#x1005;&#x102C;&#x1015;&#x1031;&#x104A;</subfield>
    <subfield code="c">&#x1042;&#x1040;&#x1041;&#x1045;&#x104B;</subfield>
  </datafield>
  <datafield tag="300" ind1=" " ind2=" ">
    <subfield code="a">&#x1047;&#x1046;&#x1047; &#x1005;&#x102C;&#x1019;&#x103B;&#x1000;&#x103A;&#x1014;&#x103E;&#x102C; &#x104A;</subfield>
    <subfield code="c">&#x1042;&#x1047; &#x1005;&#x1004;&#x103A;&#x1010;&#x102E;&#x104B;</subfield>
  </datafield>
  <datafield tag="650" ind1=" " ind2=" ">
    <subfield code="a">&#x1017;&#x102F;&#x1012;&#x1039;&#x1002;&#x1018;&#x102C;&#x101E;&#x102C;</subfield>
    <subfield code="x">&#x1021;&#x1018;&#x102D;&#x1013;&#x102C;&#x1014;&#x103A;</subfield>
  </datafield>
  <datafield tag="650" ind1=" " ind2=" ">
    <subfield code="a">&#x1015;&#x102B;&#x1020;&#x102D;&#x1018;&#x102C;&#x101E;&#x102C;&#x1005;&#x1000;&#x102C;&#x1038;</subfield>
    <subfield code="x">&#x1021;&#x1018;&#x102D;&#x1013;&#x102C;&#x1014;&#x103A;</subfield>
    <subfield code="v">&#x1021;&#x1004;&#x103A;&#x1039;&#x1002;&#x101C;&#x102D;&#x1015;&#x103A;</subfield>
  </datafield>
  <datafield tag="650" ind1=" " ind2=" ">
    <subfield code="a">&#x1015;&#x102B;&#x1020;&#x102D;&#x1018;&#x102C;&#x101E;&#x102C;&#x1005;&#x1000;&#x102C;&#x1038;</subfield>
    <subfield code="x">&#x1021;&#x1018;&#x102D;&#x1013;&#x102C;&#x1014;&#x103A;</subfield>
    <subfield code="v">&#x1019;&#x103C;&#x1014;&#x103A;&#x1019;&#x102C;</subfield>
  </datafield>
  <datafield tag="942" ind1=" " ind2=" ">
    <subfield code="2">ddc</subfield>
    <subfield code="c">REF</subfield>
    <subfield code="n">0</subfield>
  </datafield>
  <datafield tag="952" ind1=" " ind2=" ">
    <subfield code="0">0</subfield>
    <subfield code="1">0</subfield>
    <subfield code="2">ddc</subfield>
    <subfield code="4">0</subfield>
    <subfield code="7">1</subfield>
    <subfield code="8">Rfbs</subfield>
    <subfield code="a">DHAM</subfield>
    <subfield code="b">DHAM</subfield>
    <subfield code="c">Rfbs</subfield>
    <subfield code="d">2025-09-11</subfield>
    <subfield code="l">0</subfield>
    <subfield code="o">&#x1042;&#x1049;&#x1044;.&#x1043;&#x1040;&#x1043; &#x1009;&#x102C; &#x1042;&#x1041;&#x1045;&#x1040;(&#x101B;&#x100A;&#x103A;)</subfield>
    <subfield code="p">MB00002150</subfield>
    <subfield code="r">2025-09-11 14:39:19</subfield>
    <subfield code="w">2025-09-11</subfield>
    <subfield code="y">REF</subfield>
    <subfield code="A">&#x1042;&#x1041;&#x1045;&#x1040;(&#x101B;&#x100A;&#x103A;)</subfield>
  </datafield>
  <datafield tag="999" ind1=" " ind2=" ">
    <subfield code="c">2220</subfield>
    <subfield code="d">2220</subfield>
  </datafield>
</record>
